Lataa...

Global status of commercialized biotech/GM crops: 2013

Bibliografiset tiedot
Muut tekijät: ISAAA
Aineistotyyppi: Report
Julkaistu: International Service for the Acquisition of Agri-biotech Applications
Aiheet:
LEADER 00548nam a22001697a 4500
003 OSt
999 |c 195329  |d 195329 
020 |a 9781892456559 
082 |a ISAAA/GSCB 
245 |a Global status of commercialized biotech/GM crops:  |b 2013 
260 |b International Service for the Acquisition of Agri-biotech Applications 
300 |a 317p. 
546 |a English 
650 |a Brief Notes 
700 |a ISAAA 
942 |2 ddc  |c REP 
952 |0 0  |1 0  |2 ddc  |4 0  |6 ISAAA_GSCB  |7 0  |9 202710  |a KAUCLV  |b KAUCLV  |c REPORTS  |d 2020-12-07  |o ISAAA/GSCB  |p 811199  |r 2020-12-07  |w 2020-12-07  |y REP